Effect of spiritual attitude on parents of mentally challenged (Record no. 114914)

000 -LEADER
fixed length control field 00535pab a2200169 454500
008 - FIXED-LENGTH DATA ELEMENTS--GENERAL INFORMATION
fixed length control field 180718b2017 xxu||||| |||| 00| 0 eng d
100 ## - MAIN ENTRY--PERSONAL NAME
Personal name Sharma, Sarika
245 ## - TITLE STATEMENT
Title Effect of spiritual attitude on parents of mentally challenged
260 ## - PUBLICATION, DISTRIBUTION, ETC.
Date of publication, distribution, etc. 2017
300 ## - PHYSICAL DESCRIPTION
Extent p.23-26.
362 ## - DATES OF PUBLICATION AND/OR SEQUENTIAL DESIGNATION
Dates of publication and/or sequential designation 19 Jun
650 ## - SUBJECT ADDED ENTRY--TOPICAL TERM
Topical term or geographic name entry element Parents
650 ## - SUBJECT ADDED ENTRY--TOPICAL TERM
Topical term or geographic name entry element Mentally disabled
700 ## - ADDED ENTRY--PERSONAL NAME
Personal name Das, Anash Kumar
773 ## - HOST ITEM ENTRY
Main entry heading University News
909 ## -
-- 114920
Holdings
Withdrawn status Lost status Damaged status Not for loan Permanent Location Current Location Date acquired Serial Enumeration / chronology Barcode Date last seen Price effective from Koha item type
        Indian Institute of Public Administration Indian Institute of Public Administration 2018-07-19 Volume no: 55, Issue no: 25 AR115380 2018-07-19 2018-07-19 Articles

Powered by Koha